000 00752cab a2200241 4500
001 WB3219-47
008 090401t1996 xxu||||| |||| 00| 0 eng d
035 _a(Sirsi) u1898
041 _aeng
245 _aRisk warning for leisure
260 _c1996
350 _a0
490 _aEstates Times
_v(1324) 10 May 1996, 3(1)
520 _aDevelopers have been warned of the future saturation of multiplex cinemas and the need for careful leisure facilities planning, at the Harvey Spack Field out-of-town retail conference.
650 _aCINEMAS
650 _aLEISURE PARKS
650 _aLEISURE PROPERTY
650 _aMULTIPLEX
650 _aOUT-OF-TOWN DEVELOPMENT
690 _aLEISURE AND RECREATION
942 _n0
948 _c04/03/1997
999 _c1110
_d1110